书目信息 |
| 题名: |
华杉讲透论语
|
|
| 作者: | 华杉, 著 | |
| 分册: | 上 | |
| 出版信息: | 南京 江苏凤凰文艺出版社 2022.01 |
|
| 页数: | 2册 (335, 372页) | |
| 开本: | 24cm | |
| 丛书名: | 华与华文库 | |
| 单 册: | ||
| 中图分类: | B222.25 | |
| 科图分类: | ||
| 主题词: | 儒家--ru jia | |
| 电子资源: | ||
| ISBN: | 978-7-5594-5756-1 | |
| 000 | 01126nam 2200301 450 | |
| 001 | CAL 0120227373987 | |
| 005 | 20230227162440.82 | |
| 010 | @a978-7-5594-5756-1@dCNY49.50 | |
| 100 | @a20220315d2022 em y0chiy0120 ea | |
| 101 | 0 | @achi |
| 102 | @aCN@b320000 | |
| 105 | @ay a 000yy | |
| 106 | @ar | |
| 200 | 1 | @a华杉讲透论语@Ahua shan jiang tou lun yu@f华杉著@h上 |
| 205 | @a修订版 | |
| 210 | @a南京@c江苏凤凰文艺出版社@d2022.01 | |
| 215 | @a2册 (335, 372页)@d24cm | |
| 225 | 2 | @a华与华文库@Ahua yu hua wen ku@v7 |
| 314 | @a华杉, 1971年生于贵州省遵义市道真仡佬族苗族自治县上坝土家族乡新田坝村。现居上海。 | |
| 320 | @a有书目 | |
| 330 | @a本书融汇了历代注家刘宝楠、朱熹、王阳明、张居正对《论语》原意的不同解释。正本清源深入浅出, 讲述《论语》中从春秋传承至今的修身齐家治国平天下大智慧。主要内容包括: 学而第一、为政第二、八佾第三、里仁第四、公冶长第五、雍也第六等。 | |
| 410 | 0 | @12001 @a华与华文库@v7 |
| 605 | @a论语@Alun yu@x研究 | |
| 606 | 0 | @a儒家@Aru jia |
| 690 | @aB222.25@v5 | |
| 701 | 0 | @a华杉,@Ahua shan@f1971-@4著 |
| 801 | 0 | @aCN@bBJXHZP@c20230222 |
| 905 | @b1378900-3@dB222.25@e1032:1@f4@S@Z | |
| 华杉讲透论语/华杉著.上.-修订版.-南京:江苏凤凰文艺出版社,2022.01 |
| 2册 (335, 372页);24cm.-(华与华文库;7) |
| ISBN 978-7-5594-5756-1:CNY49.50 |
| 本书融汇了历代注家刘宝楠、朱熹、王阳明、张居正对《论语》原意的不同解释。正本清源深入浅出, 讲述《论语》中从春秋传承至今的修身齐家治国平天下大智慧。主要内容包括: 学而第一、为政第二、八佾第三、里仁第四、公冶长第五、雍也第六等。 |
| ● |
| 相关链接 |
|
|
|
|
正题名:华杉讲透论语
索取号:B222.25/1032:1
 
预约/预借
| 序号 | 登录号 | 条形码 | 馆藏地/架位号 | 状态 | 备注 |
| 1 | 1378900 | 213789006 | 第一样本阅览室/ [索取号:B222.25/1032:1] | 在馆 | |
| 2 | 1378901 | 213789015 | 第一借阅区/ [索取号:B222.25/1032:1] | 在馆 | |
| 3 | 1378902 | 213789024 | 第一借阅区/ [索取号:B222.25/1032:1] | 在馆 | |
| 4 | 1378903 | 213789033 | 第一借阅区/ [索取号:B222.25/1032:1] | 在馆 |